Štruktúrne zmeny ako jeden z kľúčových predpokladov rastu konkurencieschopnosti ekonomiky diplomová práca

Uložené v:
Podrobná bibliografia
Hlavný autor: Ridzoň, Ján
Korporativný autor: Národohospodárska fakulta EU. Katedra hospodárskej politiky
Ďalší autori: Fliegová, Jana
Médium: Kniha
Jazyk:Slovak
Vydavateľské údaje: Bratislava 2009
Tagy: Pridať tag
Žiadne tagy, Buďte prvý, kto otaguje tento záznam!

MARC

LEADER 00000nam$a2200000$$$4500
001 0095817
005 20240319123908.0
041 0 |a slo 
044 |a SK 
245 1 0 |a Štruktúrne zmeny ako jeden z kľúčových predpokladov rastu konkurencieschopnosti ekonomiky  |b diplomová práca  |c Ján Ridzoň ; škol. Jana Fliegová 
264 1 |a Bratislava  |c 2009 
300 |a 91 s. 
100 1 |a Ridzoň, Ján 
700 1 |a Fliegová, Jana 
710 2 |a Národohospodárska fakulta EU. Katedra hospodárskej politiky